|
|
|
|
| LEADER |
00000nam0a2200000 4500 |
| 001 |
377910 |
| 005 |
20231102012948.0 |
| 010 |
|
|
|a 5724506610
|
| 035 |
|
|
|a (RuTPU)RU\TPU\retro\35364
|
| 035 |
|
|
|a RU\TPU\book\36672
|
| 090 |
|
|
|a 377910
|
| 100 |
|
|
|a 20230412d1991 km y0rusy50 ca
|
| 101 |
0 |
|
|a rus
|
| 102 |
|
|
|a RU
|
| 105 |
|
|
|a a z 001zy
|
| 200 |
1 |
|
|a Очистка газов в химической промышленности. Процессы и аппараты
|f О. С. Балабеков, Л. Ш. Балтабаев
|
| 210 |
|
|
|a Москва
|c Химия
|d 1991
|
| 215 |
|
|
|a 250 с.
|c ил.
|
| 320 |
|
|
|a Библиогр.: с. 247-251 (98 назв.).
|
| 606 |
1 |
|
|a Газы промышленные
|x Очистка
|2 stltpush
|3 (RuTPU)RU\TPU\subj\38494
|9 58994
|
| 610 |
1 |
|
|a химическая промышленность
|
| 610 |
1 |
|
|a газоочистка
|
| 610 |
1 |
|
|a процессы
|
| 610 |
1 |
|
|a аппараты
|
| 610 |
1 |
|
|a теория
|
| 610 |
1 |
|
|a расчеты
|
| 610 |
1 |
|
|a проектирование
|
| 675 |
|
|
|a 66.074
|v 3
|
| 700 |
|
1 |
|a Балабеков
|b О. С.
|g Оразалы Сатимбеков
|
| 701 |
|
1 |
|a Балтабаев
|b Л. Ш.
|g Леонард Шакирович
|
| 801 |
|
0 |
|a RU
|b 63413507
|c 20011210
|g PSBO
|
| 801 |
|
2 |
|a RU
|b 63413507
|c 20230412
|g PSBO
|
| 900 |
|
|
|a Технология защиты биосферы от промышленных выбросов
|
| 942 |
|
|
|c BK
|